00865naa a22002417a 4500001001000000003000900010005001700019007000300036008003400039040005400073041000900127072002600136100002400162111008100186245005300267260004000320500011100360650001200471650001000483650001200493650001000505773010800515BR7503459BR-BrBNA20240918173754.0ta230509b bl.||||| |||| 00| 0 por d aBR-BrBNAbporcBiblioteca Nacional de Agricultura a(Pt) aE70b9704b5300bG5141 aCarpenedo, P. (ed.)1 a6. Seminario Nacional do Porco CarnecPorto Alegre, RS (Brazil)d23 Jul 19751 aMercado de carnes e derivados de suinos [Brasil]3 aPorto Alegre, RS (Brasil): c1975.  aAnais do 6. Seminario Nacional do Porco Carne Porto Alegre, RS (Brasil): 1975. p. 71-74 (BR7503459-AM)E70  aMERCADO aABATE aCARCACA aSUINO0 tAnais do 6. Seminario Nacional do Porco CarnewE70 BR7503459gPorto Alegre, RS (Brasil), 1975. p. 71-74